<?xml version="1.0" encoding="UTF-8"?>
<record
    xmlns:xsi="http://www.w3.org/2001/XMLSchema-instance"
    xsi:schemaLocation="http://www.loc.gov/MARC21/slim http://www.loc.gov/standards/marcxml/schema/MARC21slim.xsd"
    xmlns="http://www.loc.gov/MARC21/slim">

  <leader>00747nam a2200181Ia 4500</leader>
  <controlfield tag="008">100920s9999    xx            000 0 und d</controlfield>
  <datafield tag="082" ind1=" " ind2=" ">
    <subfield code="b">23320</subfield>
    <subfield code="a">28 &#x935; 891,43 &#x925; 66</subfield>
  </datafield>
  <datafield tag="100" ind1=" " ind2=" ">
    <subfield code="a">&#x92C;&#x94D;&#x930;&#x91C;&#x92D;&#x942;&#x937;&#x923;.</subfield>
  </datafield>
  <datafield tag="245" ind1=" " ind2=" ">
    <subfield code="a">&#x91C;&#x939;&#x93E;&#x901; &#x938;&#x941;&#x92E;&#x924;&#x93F; &#x924;&#x939;&#x901; &#x938;&#x92E;&#x94D;&#x92A;&#x924;&#x93F; &#x928;&#x93E;&#x928;&#x93E;.</subfield>
  </datafield>
  <datafield tag="260" ind1=" " ind2=" ">
    <subfield code="b">&#x930;&#x93E;&#x91C;&#x92A;&#x93E;&#x932; &#x90F;&#x923;&#x94D;&#x921; &#x938;&#x928;&#x94D;&#x938; ,&#x915;&#x936;&#x94D;&#x92E;&#x940;&#x930;&#x940; &#x917;&#x947;&#x91F;, &#x926;&#x93F;&#x932;&#x94D;&#x932;&#x940;.</subfield>
    <subfield code="c">1966</subfield>
  </datafield>
  <datafield tag="300" ind1=" " ind2=" ">
    <subfield code="a">48</subfield>
    <subfield code="b">&#x938;&#x93E;&#x927;&#x940;</subfield>
  </datafield>
  <datafield tag="365" ind1=" " ind2=" ">
    <subfield code="b">2</subfield>
  </datafield>
  <datafield tag="520" ind1=" " ind2=" ">
    <subfield code="a">&#x92C;&#x93E;.&#x935;&#x93F;.&#x939;&#x93F;&#x902;&#x926;&#x940;.</subfield>
  </datafield>
  <datafield tag="630" ind1=" " ind2=" ">
    <subfield code="a">&#x91C;&#x939;&#x93E;&#x901; &#x938;&#x941;&#x92E;&#x924;&#x93F; &#x924;&#x939;&#x901; &#x938;&#x92E;&#x94D;&#x92A;&#x924;&#x93F; &#x928;&#x93E;&#x928;&#x93E;.</subfield>
  </datafield>
  <datafield tag="650" ind1=" " ind2=" ">
    <subfield code="a">&#x92C;&#x93E;.&#x935;&#x93F;.&#x939;&#x93F;&#x902;&#x926;&#x940;.</subfield>
  </datafield>
  <datafield tag="730" ind1=" " ind2=" ">
    <subfield code="a">&#x91C;&#x939;&#x93E;&#x901; &#x938;&#x941;&#x92E;&#x924;&#x93F; &#x924;&#x939;&#x901; &#x938;&#x92E;&#x94D;&#x92A;&#x924;&#x93F; &#x928;&#x93E;&#x928;&#x93E;.</subfield>
  </datafield>
  <datafield tag="942" ind1=" " ind2=" ">
    <subfield code="c">BOOK</subfield>
  </datafield>
  <datafield tag="999" ind1=" " ind2=" ">
    <subfield code="c">682269</subfield>
    <subfield code="d">682266</subfield>
  </datafield>
  <datafield tag="952" ind1=" " ind2=" ">
    <subfield code="0">0</subfield>
    <subfield code="1">0</subfield>
    <subfield code="4">0</subfield>
    <subfield code="7">0</subfield>
    <subfield code="a">SATVAC</subfield>
    <subfield code="b">SATVAC</subfield>
    <subfield code="c">28 &#x935; 891,43 &#x925; 66</subfield>
    <subfield code="d">0000-00-00</subfield>
    <subfield code="g">2.00</subfield>
    <subfield code="l">0</subfield>
    <subfield code="p">SATVAC-23320</subfield>
    <subfield code="r">2010-09-20 00:00:00</subfield>
    <subfield code="w">2010-09-20</subfield>
    <subfield code="y">BOOK</subfield>
    <subfield code="z">&#x926;&#x947;&#x935;&#x918;&#x947;&#x935;</subfield>
  </datafield>
</record>
